| 000 | 00718nam a2200217 a 4500 | ||
|---|---|---|---|
| 001 | 000022855 | ||
| 005 | 20200930021834.0 | ||
| 008 | 101119m18611865sp r 000 | spa d | ||
| 040 |
_aDO-SdBNP _bspa _cBNPHU |
||
| 082 |
_a860.9 _bR586h |
||
| 100 | 1 |
_aRios, José Amador _946969 |
|
| 245 | 1 | 0 |
_aHistoria crítica de la literatura española / _cJosé Amador de los Rios. |
| 250 | _aEdición facsimil | ||
| 260 |
_aMadrid : _bGredos, _c1861-1865. |
||
| 300 |
_a7v. ; _c22 cm. |
||
| 490 | 1 | _aBiblioteca Románica Hispánica | |
| 500 | _aIncluye notas y referencias al pie de páginas | ||
| 650 | 4 |
_aLiteratura española _xHistoria y crítica _93904 |
|
| 830 | 0 |
_aBiblioteca Románica Hispánica _946970 |
|
| 049 | _aBNGR | ||
| 999 |
_c22352 _d22352 |
||